| 000 | 00518nam a2200157 a 4500 | ||
|---|---|---|---|
| 001 | 000048132 | ||
| 005 | 20201002060936.0 | ||
| 008 | 181120s2016 dr a 000 spa d | ||
| 020 | _a9781780779454 | ||
| 040 |
_aDO-SdBNP _bspa _cBNPHU |
||
| 082 |
_axxx _bP945 |
||
| 245 | 0 |
_aPrivilegios que niegan derechos : _bdesigualdad extrema y secuestro de la democracia en América Latina y el Caribe. |
|
| 260 |
_a[s.l.], : _bOxFam Internacional, _c2016. |
||
| 300 |
_a207 p. : _bil ; _c29 cm. |
||
| 590 | _aInventariado, 2018 / DG | ||
| 999 |
_c47620 _d47620 |
||